Borussia Dortmund 2025/2026 Kader - Statistiken

Allgemein
  • Dieses Quiz wurde 112 mal gespielt
  • Das Durchschnittsergebnis liegt bei 19 aus 23
Antwortstatistiken
Position Land Trikotnummer Alter Antwort % Korrekt
Tw Schweiz 1 28 Kobel Gregor
100%
Ver Deutschland 4 26 Schlotterbeck Nico
98%
Mit Deutschland 23 32 Can Emre
96%
Mit England 7 20 Bellingham Jobe
94%
Mit Deutschland 10 29 Brandt Julian
93%
Ver Norwegen 26 28 Ryerson Julian
92%
Ver Algerien 5 30 Bensebaini Ramy
91%
Trainer Kroatien -------------------- 54 Kovač Niko
88%
Ver Deutschland 25 30 Süle Niklas
88%
Att Deutschland 14 23 Beier Maximilian
87%
Att Portugal 21 23 Silva Fábio
86%
Ver Deutschland 3 29 Anton Waldemar
85%
Att Guinea 9 30 Guirassy Serhou
85%
Mit Österreich 20 32 Sabitzer Marcel
84%
Att Deutschland 27 24 Adeyemi Karim
82%
Ver Brasilien 2 23 Couto Yan
82%
Mit Schweden 24 24 Svensson Daniel
81%
Mit Türkei 6 28 Özcan Salih
80%
Mit Deutschland 8 25 Nmecha Felix
78%
Ver Italien 49 18 Reggiani Luca
66%
Mit Österreich 17 22 Chukwuemeka Carney
59%
Ver Italien 39 21 Mané Filippo
45%
Mit Italien 40 17 Inacio Samuele
39%
Keine übereinstimmenden Quizze gefunden
Verteilung der Resultate
Anzahl Personen mit jedem Resultat
Perzentil nach korrekt beantworteten Fragen
Ihre Resultats-Entwicklung
Sie haben dieses Quiz noch nicht gespielt